000 00319nam a2200133Ia 4500
008 190216s9999||||xx |||||||||||||| ||und||
100 _aMark W. Zemansky And Richard H. Dittman
245 0 _aHeat And Thermodynamic
250 _a6th Ed.
260 _bMcgraw -hill
300 _a543
650 _aPhysics
942 _cBK
999 _c33122
_d33122